000 00872 am a2200277 i 4500
999 _c159
_d159
001 7294206
003 ALUPE UNIVERSITY
005 20210604092435.0
008 160106t20162016onc 000 0 eng d
020 _a9781926751320
035 _aocn934052617
040 _aAEVC
_beng
_erda
_cAEVC
090 _a657.044 KEY
_bAEVC
100 1 _aJoffe, Neville,
_eauthor
245 1 0 _aKey accounting principles workbook.
_nVolume two /
_cNeville Joffe, lead author, and others.
246 3 1 _aKey accounting principles workbook.
_nVolume 2
250 _aFourth edition.
264 1 _aToronto, ON, Canada:
_bAME Learning,
_c[2016]
264 4 _c©2016
300 _a598 pages :
_billustrations ;
_c28 cm
336 _atext
_btxt
_2rdacontent
337 _aunmediated
_bn
_2rdamedia
338 _avolume
_bnc
_2rdacarrier
650 0 _aAccounting
_vTextbooks.
942 _2lcc
_cBK
_nJO